Fact book on manpower part - I&II (Record no. 496304)

000 -LEADER
fixed length control field 00372cam a22001097a 4500
008 - FIXED-LENGTH DATA ELEMENTS--GENERAL INFORMATION
fixed length control field 180718b1966 xxu||||| |||| 00| 0 eng d
082 ## - DEWEY DECIMAL CLASSIFICATION NUMBER
Classification number R1x5422 M264/1
245 ## - TITLE STATEMENT
Title Fact book on manpower part - I&II
Statement of responsibility, etc. by Directorate of Economic And Statistics
260 ## - PUBLICATION, DISTRIBUTION, ETC.
Place of publication, distribution, etc. Gwalior
Name of publisher, distributor, etc. Government Regional Press
Date of publication, distribution, etc. 1966
300 ## - PHYSICAL DESCRIPTION
Extent 159p.
700 ## - ADDED ENTRY--PERSONAL NAME
Personal name M.P. Directorate of Economic And Statistics
Holdings
Withdrawn status Lost status Damaged status Not for loan Permanent Location Current Location Date acquired Full call number Barcode Date last seen Price effective from Koha item type
        Indian Institute of Public Administration Indian Institute of Public Administration 2018-08-04 R1x5422 M264/1 GG16673 2018-08-04 2018-08-04 GG
        Indian Institute of Public Administration Indian Institute of Public Administration 2018-08-04 R1x5422 M264/1 GG16672 2018-08-04 2018-08-04 GG

Powered by Koha